| 000 | 00898nam a2200253 a 4500 | ||
|---|---|---|---|
| 001 | BRL_1602 | ||
| 005 | 20190320211301.0 | ||
| 008 | 100414s1996----mx-ao#####---#000-0#fre-# | ||
| 041 | _afre | ||
| 044 | _amx | ||
| 050 | 4 |
_aN6550 _b.M49 1996 |
|
| 245 | 1 | 0 |
_aMexique _btraditions et paysages, art populaire, orfévrerie, l´art du paysage |
| 260 |
_aNuevo León, México _bPulsar Internacional _c1996 |
||
| 300 |
_a185 p. _bil. , fotografías (a color) _c26 cm. |
||
| 500 | _aAu883 | ||
| 500 | _aIncluye índice de ilustraciones | ||
| 500 | _a23 septembre-11 octobre 1996, París, France, Salles dExpositions de lUNESCO | ||
| 650 | 1 | 4 |
_aArte _vExposiciones _zMéxico _93600 |
| 650 | 1 | 4 |
_aArte popular _vExposiciones _zMéxico _91706 |
| 650 | 1 | 4 |
_aArtesanías _vExposiciones _zMéxico _924925 |
| 650 | 1 | 4 |
_aPintura paisajista mexicana _vExposiciones _zMéxico _927411 |
| 902 | _aGRL | ||
| 942 |
_2lcc _cB |
||
| 999 |
_c10411 _d10411 |
||